[Event "CZECH OPEN 2011 "]
[Site "Pardubice (CZE)"]
[Date "2011.07.27"]
[Round "6.20"]
[White "Petr, Martin"]
[Black "Andreev, Eduard"]
[Result "1-0"]
[WhiteElo "2523"]
[BlackElo "2458"]
[PlyCount "121"]
[EventDate "2011.07.22"]

1. e4 e6 2. d4 d5 3. Nc3 Bb4 4. e5 Ne7 5. a3 Bxc3+ 6. bxc3 c5 7. Nf3 b6 8. Bb5+
Bd7 9. Bd3 c4 10. Be2 Ba4 11. h4 h6 12. h5 Kd7 13. Bf4 Qg8 14. O-O Qh7 15. Ra2
Nbc6 16. Re1 Kc7 17. Nh2 Kb7 18. Bg4 b5 19. Nf1 Nf5 20. Ne3 g6 21. Bxf5 gxf5
22. Qf3 Qg8 23. Kh2 Qd8 24. Bg3 Qa5 25. Nxd5 exd5 26. Qxd5 Rad8 27. Qxf7+ Qc7
28. Qxf5 Ne7 29. Qf3+ Qc6 30. Qxc6+ Kxc6 31. Bh4 Rde8 32. Bxe7 Rxe7 33. Re2 Rf8
34. Ra1 Rf5 35. Rf1 Rxh5+ 36. Kg1 Rf5 37. f4 h5 38. g3 Rg7 39. Kh2 Kd5 40. Kh3
a5 41. Rf3 Ke6 42. Rd2 Kd5 43. Re3 Rg6 44. Rde2 Re6 45. Kg2 h4 46. Kf3 hxg3 47.
Kg4 Rf8 48. f5 Rg8+ 49. Kf3 Rf8 50. f6 b4 51. cxb4 axb4 52. axb4 Ree8 53. Kxg3
Kxd4 54. Kf4 Kd5 55. Rd2+ Ke6 56. Rd6+ Kf7 57. e6+ Kg6 58. Ke5 Bxc2 59. Rg3+
Kh5 60. Rd2 Kh4 61. Rg7 1-0

[Event "CZECH OPEN 2011 "]
[Site "Pardubice (CZE)"]
[Date "2011.07.27"]
[Round "6.29"]
[White "Maximov, Dmitry"]
[Black "Ivanov, Mikhail"]
[Result "1-0"]
[WhiteElo "2479"]
[BlackElo "2410"]
[PlyCount "49"]
[EventDate "2011.07.22"]

1. e4 c6 2. d4 d5 3. exd5 cxd5 4. c4 Nf6 5. Nc3 g6 6. cxd5 Bg7 7. Bb5+ Nbd7 8.
d6 exd6 9. Nge2 O-O 10. a4 a6 11. Bd3 Nb6 12. O-O Be6 13. Nf4 Bc4 14. a5 Bxd3
15. Qxd3 Nbd7 16. Nfd5 Re8 17. Bg5 h6 18. Bh4 Rc8 19. f4 b5 20. axb6 Nxb6 21.
Bxf6 Bxf6 22. Rxa6 Nxd5 23. Nxd5 Bg7 24. f5 g5 25. f6 {necitelny zapis} 1-0

[Event "CZECH OPEN 2011 "]
[Site "Pardubice (CZE)"]
[Date "2011.07.27"]
[Round "6.31"]
[White "Schlosser, Philipp"]
[Black "Bures, Jaroslav"]
[Result "1/2-1/2"]
[WhiteElo "2599"]
[BlackElo "2380"]
[PlyCount "87"]
[EventDate "2011.07.22"]

1. Nf3 Nf6 2. c4 g6 3. Nc3 d5 4. cxd5 Nxd5 5. Qa4+ Nc6 6. Ne5 Qd6 7. Nxc6 Qxc6
8. Qxc6+ bxc6 9. b3 Bg7 10. Bb2 Nxc3 11. Bxc3 Bxc3 12. dxc3 e5 13. e3 Ke7 14.
Bc4 Be6 15. Bxe6 Kxe6 16. O-O-O Rhd8 17. Rxd8 Rxd8 18. Kc2 h5 19. b4 c5 20. b5
c4 21. Rb1 Rb8 22. Rb4 Kd6 23. Ra4 Rxb5 24. Rxa7 e4 25. Ra6+ c6 26. Ra8 Rf5 27.
Rd8+ Kc7 28. Rd2 h4 29. Kd1 Rg5 30. g3 Ra5 31. Ke2 Ra3 32. Rc2 h3 33. f3 Kd6
34. fxe4 Ke5 35. Kf3 f6 36. Rd2 Rxc3 37. Rd4 Rc2 38. a4 Rxh2 39. Rxc4 Ra2 40.
Rxc6 h2 41. Rc5+ Ke6 42. Rc6+ Ke5 43. Rc5+ Ke6 44. Rc6+ 1/2-1/2

[Event "CZECH OPEN 2011 "]
[Site "Pardubice (CZE)"]
[Date "2011.07.27"]
[Round "6.32"]
[White "Kravtsiv, Martyn"]
[Black "Belyakov, Bogdan"]
[Result "1/2-1/2"]
[WhiteElo "2571"]
[BlackElo "2367"]
[PlyCount "33"]
[EventDate "2011.07.22"]

1. e4 e5 2. Nf3 Nc6 3. Bc4 Nf6 4. Ng5 d5 5. exd5 Na5 6. Bb5+ c6 7. dxc6 bxc6 8.
Bd3 h6 9. Ne4 Nd5 10. Ng3 h5 11. O-O h4 12. Ne2 f5 13. c3 Bd6 14. Bc2 Bc7 15.
b4 Nb7 16. d4 e4 17. f4 1/2-1/2

[Event "CZECH OPEN 2011 "]
[Site "Pardubice (CZE)"]
[Date "2011.07.27"]
[Round "6.36"]
[White "Schneider, Ilja"]
[Black "Schuh, Dirk"]
[Result "1/2-1/2"]
[WhiteElo "2498"]
[BlackElo "2364"]
[PlyCount "106"]
[EventDate "2011.07.22"]

1. d4 e6 2. c4 Nf6 3. g3 Nc6 4. Bg2 Bb4+ 5. Bd2 Qe7 6. Nf3 Bxd2+ 7. Nbxd2 O-O
8. O-O d6 9. e4 a5 10. d5 Nb8 11. Rc1 Na6 12. dxe6 Bxe6 13. Nd4 Bg4 14. f3 Qe5
15. Nb1 Bd7 16. Nc3 a4 17. Kh1 Qh5 18. Nde2 Nc5 19. Nf4 Qe5 20. Nd3 Nxd3 21.
Qxd3 Rfd8 22. Rfd1 Be6 23. f4 Qh5 24. Bf3 Bg4 25. Kg2 Qh3+ 26. Kg1 c6 27. Rd2
Bxf3 28. Qxf3 Qe6 29. Rcd1 Qxc4 30. e5 Ne8 31. exd6 Rxd6 32. Rxd6 Nxd6 33. Qd3
Qxd3 34. Rxd3 Ne8 35. Rd7 b5 36. Kf2 Rc8 37. Ne4 Nf6 38. Nxf6+ gxf6 39. Rd6 Kg7
40. a3 c5 41. Rb6 c4 42. Rxb5 c3 43. bxc3 Rxc3 44. Kg2 Rxa3 45. Ra5 Ra1 46. Kh3
a3 47. Kh4 Kg6 48. f5+ Kh6 49. Ra6 Kg7 50. Ra8 Rh1 51. Kh3 Ra1 52. Kh4 Rh1 53.
Kh3 Ra1 1/2-1/2

[Event "CZECH OPEN 2011 "]
[Site "Pardubice (CZE)"]
[Date "2011.07.27"]
[Round "6.37"]
[White "Nun, Jiri"]
[Black "Jansa, Vlastimil"]
[Result "1/2-1/2"]
[WhiteElo "2360"]
[BlackElo "2493"]
[PlyCount "56"]
[EventDate "2011.07.22"]

1. e4 c5 2. Nf3 e6 3. b3 d6 4. Bb2 Nc6 5. d4 cxd4 6. Nxd4 a6 7. Nxc6 bxc6 8.
Bd3 Nf6 9. O-O e5 10. c4 Nd7 11. Nc3 Be7 12. Ne2 O-O 13. Qd2 Nc5 14. Bc2 a5 15.
Rad1 Qb6 16. Kh1 Be6 17. f4 f6 18. Ba3 Rfd8 19. Nc3 Na6 20. Bb1 Nb4 21. Qe2 Qc7
22. Bc1 Na6 23. Bd3 Nc5 24. Qh5 Bf7 25. Qf3 Nd7 26. Na4 Rab8 27. Qf2 Rb4 28.
Bc2 Be6 1/2-1/2

[Event "CZECH OPEN 2011 "]
[Site "Pardubice (CZE)"]
[Date "2011.07.27"]
[Round "6.39"]
[White "Gavrilov, Alexei"]
[Black "Kriebel, Tadeas"]
[Result "1-0"]
[WhiteElo "2481"]
[BlackElo "2343"]
[PlyCount "61"]
[EventDate "2011.07.22"]

1. d4 Nf6 2. c4 g6 3. Nc3 Bg7 4. e4 d6 5. Nf3 O-O 6. Be2 e5 7. O-O Nbd7 8. Be3
Re8 9. d5 Nh5 10. g3 Bf8 11. Qd2 Ng7 12. Nh4 Be7 13. Ng2 f5 14. f3 a5 15. Bd3
Nf6 16. Rae1 fxe4 17. Nxe4 Nf5 18. Bf2 Nxe4 19. Bxe4 Bd7 20. Qd3 Bf6 21. b3 Qe7
22. f4 Nh6 23. Be3 Bf5 24. Bd2 Bxe4 25. Rxe4 Qg7 26. fxe5 Bxe5 27. Nf4 Bxf4 28.
Rexf4 Nf5 29. g4 Nh6 30. h3 Rf8 31. Bc3 1-0

[Event "CZECH OPEN 2011 "]
[Site "Pardubice (CZE)"]
[Date "2011.07.27"]
[Round "6.40"]
[White "Kashlinskaya, Alina"]
[Black "Lalic, Bogdan"]
[Result "0-1"]
[WhiteElo "2360"]
[BlackElo "2470"]
[PlyCount "62"]
[EventDate "2011.07.22"]

1. d4 Nf6 2. c4 e6 3. Nc3 Bb4 4. e3 b6 5. Nge2 c5 6. a3 Ba5 7. g3 Bb7 8. d5 b5
9. Bg2 bxc4 10. e4 exd5 11. exd5 O-O 12. O-O d6 13. Qa4 Nbd7 14. Qxc4 Re8 15.
Rd1 Ne5 16. Qa4 h6 17. h3 Bb6 18. Be3 Rb8 19. Nf4 Bc8 20. Qc2 c4 21. Re1 Bxe3
22. Rxe3 Qb6 23. Rc1 Ba6 24. Qf5 Ned7 25. Rce1 Rxe3 26. Rxe3 Qxb2 27. Nh5 Rb3
28. Ne4 Rxe3 29. Nexf6+ Nxf6 30. fxe3 Nxh5 31. Qxh5 c3 0-1

[Event "CZECH OPEN 2011 "]
[Site "Pardubice (CZE)"]
[Date "2011.07.27"]
[Round "6.63"]
[White "Liepold, Stefan"]
[Black "Biolek, Richard Jr"]
[Result "0-1"]
[WhiteElo "2266"]
[BlackElo "2409"]
[PlyCount "86"]
[EventDate "2011.07.22"]

1. e4 Nc6 2. Nf3 e5 3. Bb5 f5 4. Nc3 fxe4 5. Nxe4 Nf6 6. Nxf6+ Qxf6 7. O-O Be7
8. Qe2 O-O 9. Bxc6 Qxc6 10. Nxe5 Qxc2 11. Ng6 Qxg6 12. Qxe7 b6 13. d4 Ba6 14.
Rd1 Rae8 15. Qg5 Qe4 16. Bd2 Re6 17. Re1 Qxd4 18. Be3 Qxb2 19. Rad1 d6 20. Qd5
Qe5 21. Qc6 Qe4 22. Qxc7 Bb7 23. f3 Rxf3 24. Bf2 Re3 25. Qd8+ Re8 26. Qxe8+
Qxe8 27. Rxe3 Qc6 28. Rg3 Qc2 29. Re1 Be4 30. h4 d5 31. Bd4 g6 32. Rf1 Qc4 33.
Be3 h5 34. Rc1 Qxa2 35. Rc7 a5 36. Kh2 Qb2 37. Bf4 a4 38. Ra7 b5 39. Bd6 Qc2
40. Be5 b4 41. Rg5 b3 42. Bd4 Bf5 43. Rb7 Qc4 0-1

[Event "CZECH OPEN 2011 "]
[Site "Pardubice (CZE)"]
[Date "2011.07.27"]
[Round "6.74"]
[White "Gruenter, Martin"]
[Black "Yakunin, Alexey"]
[Result "1-0"]
[WhiteElo "2241"]
[BlackElo "2360"]
[PlyCount "107"]
[EventDate "2011.07.22"]

1. e4 d6 2. d4 Nf6 3. Nc3 g6 4. Bc4 Bg7 5. Qe2 c6 6. e5 dxe5 7. dxe5 Nd5 8. Bd2
Be6 9. O-O-O Nd7 10. f4 Qc7 11. Nf3 Nxc3 12. Bxc3 Bxc4 13. Qxc4 Nb6 14. Qe4 Nd5
15. Bd4 O-O-O 16. c4 Nb4 17. a3 Na6 18. Ng5 e6 19. Qe3 c5 20. Bc3 h6 21. Ne4
Rxd1+ 22. Rxd1 Rd8 23. Rxd8+ Kxd8 24. Qd3+ Qd7 25. Qxd7+ Kxd7 26. Nd6 b6 27.
Nxf7 Nb8 28. Nd6 Nc6 29. Ne4 h5 30. g3 Bh6 31. Kd2 h4 32. Ke3 hxg3 33. hxg3 Ne7
34. g4 Nc6 35. Ng3 Bf8 36. Ke4 Bg7 37. f5 gxf5+ 38. gxf5 exf5+ 39. Nxf5 Bf8 40.
Kd5 Nd8 41. Bd2 Ne6 42. Bh6 Nc7+ 43. Ke4 Be7 44. Ne3 Ne6 45. Nd5 Bh4 46. Nf6+
Ke7 47. Nd5+ Kd7 48. Be3 Ng7 49. Kf4 Ke6 50. Nc7+ Kd7 51. Nb5 a6 52. Nc3 Bd8
53. Ne4 Nh5+ 54. Kf5 1-0

[Event "CZECH OPEN 2011 "]
[Site "Pardubice (CZE)"]
[Date "2011.07.27"]
[Round "6.77"]
[White "Graf, Felix"]
[Black "Aliakbarov, Anar Samir Oglu"]
[Result "1-0"]
[WhiteElo "2352"]
[BlackElo "2182"]
[PlyCount "93"]
[EventDate "2011.07.22"]

1. d4 d5 2. c4 e6 3. Nc3 Nf6 4. cxd5 exd5 5. Bg5 Bb4 6. Qa4+ Nc6 7. e3 h6 8.
Bxf6 Qxf6 9. Bd3 O-O 10. Nge2 Bxc3+ 11. bxc3 Ne7 12. O-O c6 13. Rab1 b5 14. Qa5
Bf5 15. Nc1 Qg6 16. Rd1 Be4 17. Bxe4 dxe4 18. Ne2 Qg4 19. Rd2 Nf5 20. Qa6 Nh4
21. Ng3 Qe6 22. a4 bxa4 23. Rdb2 f5 24. Qxa4 f4 25. exf4 e3 26. Qa2 exf2+ 27.
Rxf2 Qxa2 28. Rxa2 Rxf4 29. Ra6 c5 30. dxc5 Rc4 31. Rb4 Rxc3 32. Rxh4 Rf8 33.
Ne2 Rxc5 34. Rxa7 Re5 35. Ra2 Ref5 36. Ng3 Rd5 37. Rf2 Rc8 38. h3 Rg5 39. Kh2
Rg6 40. Re4 Rf8 41. Rxf8+ Kxf8 42. Rf4+ Kg8 43. Nf5 Re6 44. Rg4 g5 45. h4 Kh7
46. hxg5 h5 47. g6+ 1-0

[Event "CZECH OPEN 2011 "]
[Site "Pardubice (CZE)"]
[Date "2011.07.27"]
[Round "6.78"]
[White "Bente, Bjoern"]
[Black "Biriukov, Oleg V"]
[Result "0-1"]
[WhiteElo "2226"]
[BlackElo "2339"]
[PlyCount "42"]
[EventDate "2011.07.22"]

1. c4 Nf6 2. g3 c6 3. Nf3 d5 4. Bg2 dxc4 5. O-O Be6 6. Ng5 Bf5 7. Na3 b5 8. Nf3
Be4 9. b3 cxb3 10. axb3 e6 11. d3 Bxf3 12. Bxf3 Nd5 13. Bb2 Bxa3 14. Bxa3 Ne7
15. Qc1 O-O 16. Bxe7 Qxe7 17. Bxc6 Nxc6 18. Qxc6 Qb4 19. Rfc1 Qxb3 20. Rcb1
Rac8 21. Qxb5 Rc1+ 0-1

[Event "CZECH OPEN 2011 "]
[Site "Pardubice (CZE)"]
[Date "2011.07.27"]
[Round "6.81"]
[White "Bruedigam, Martin"]
[Black "Goryachkina, Aleksandra"]
[Result "1/2-1/2"]
[WhiteElo "2322"]
[BlackElo "2153"]
[PlyCount "112"]
[EventDate "2011.07.22"]

1. e4 c5 2. b3 Nc6 3. Bb2 d6 4. Nc3 e5 5. Bc4 Nf6 6. d3 Be7 7. Qd2 Be6 8. Nge2
a6 9. f4 b5 10. Bd5 Bxd5 11. Nxd5 Nxd5 12. exd5 Nd4 13. O-O O-O 14. c4 Qd7 15.
Bxd4 exd4 16. f5 Qd8 17. Ng3 Bg5 18. Qe2 Re8 19. Ne4 Be3+ 20. Kh1 f6 21. a4 b4
22. Qg4 Re5 23. Rf3 Qe7 24. Rh3 Re8 25. Re1 Rxe4 26. dxe4 Qxe4 27. Qxe4 Rxe4
28. Rd1 Rf4 29. Rf3 Re4 30. g3 Kf7 31. Rff1 Re5 32. Kg2 Bh6 33. Rde1 Be3 34.
Rf3 h6 35. Re2 Kf8 36. Kf1 Kf7 37. Ke1 Kf8 38. Kd1 Kf7 39. Kc2 Kf8 40. Kd3 Kf7
41. g4 Re8 42. Re1 Re7 43. Rh3 Re5 44. Rh5 Re8 45. Re2 Re5 46. Rh4 Kf8 47. Re1
Kf7 48. a5 Kf8 49. Rf1 Kf7 50. Rh5 Re8 51. Rh3 Re5 52. Rh4 Bg5 53. Rh3 Be3 54.
Rg3 Re7 55. h4 Re5 56. Rg2 Re8 1/2-1/2

[Event "CZECH OPEN 2011 "]
[Site "Pardubice (CZE)"]
[Date "2011.07.27"]
[Round "6.82"]
[White "Oganian, Miran"]
[Black "Martin Alvarez, Inigo"]
[Result "1/2-1/2"]
[WhiteElo "2204"]
[BlackElo "2315"]
[PlyCount "51"]
[EventDate "2011.07.22"]

1. d4 d5 2. c4 c6 3. Nf3 Nf6 4. Nc3 a6 5. Ne5 Nbd7 6. Bf4 Nxe5 7. dxe5 Ne4 8.
Nxe4 dxe4 9. Qxd8+ Kxd8 10. O-O-O+ Ke8 11. Be3 g6 12. f4 exf3 13. exf3 Bg7 14.
Be2 Be6 15. f4 f6 16. exf6 exf6 17. b3 Kf7 18. Bb6 Rae8 19. Bd3 Bf8 20. h3 h5
21. Rhf1 Bf5 22. Bxf5 Ba3+ 23. Kc2 gxf5 24. Rd7+ Re7 25. Rxe7+ Bxe7 26. Rd1
1/2-1/2

[Event "CZECH OPEN 2011 "]
[Site "Pardubice (CZE)"]
[Date "2011.07.27"]
[Round "6.51"]
[White "Ruckschloss, Karol"]
[Black "Samolins, Vitalijs"]
[Result "1/2-1/2"]
[WhiteElo "2312"]
[BlackElo "2412"]
[PlyCount "35"]
[EventDate "2011.07.22"]

1. Nf3 f5 2. g3 Nf6 3. Bg2 g6 4. O-O Bg7 5. d4 O-O 6. b3 c6 7. Bb2 Ne4 8. c4 d5
9. cxd5 cxd5 10. e3 Nc6 11. Nc3 b6 12. Re1 Ba6 13. Bf1 Bxf1 14. Rxf1 Qd7 15.
Rc1 Rfc8 16. Qe2 e6 17. Ne1 Bf8 18. Nd3 1/2-1/2

[Event "CZECH OPEN 2011 "]
[Site "Pardubice (CZE)"]
[Date "2011.07.27"]
[Round "6.55"]
[White "Pacher, Milan"]
[Black "Seifert, Christopher"]
[Result "1-0"]
[WhiteElo "2408"]
[BlackElo "2193"]
[PlyCount "59"]
[EventDate "2011.07.22"]

1. d4 Nf6 2. c4 c5 3. d5 e6 4. Nc3 exd5 5. cxd5 d6 6. e4 g6 7. f4 Bg7 8. Bb5+
Nfd7 9. Nf3 a6 10. Bd3 b5 11. O-O O-O 12. Kh1 Bb7 13. Be3 Qc7 14. Rc1 c4 15.
Bb1 Nc5 16. b4 cxb3 17. axb3 Qa5 18. Bxc5 dxc5 19. e5 Rd8 20. d6 Nd7 21. Nd5
Bh6 22. b4 cxb4 23. Rc7 Ra7 24. Qd4 Bxd5 25. Rxa7 Bc4 26. Re1 Bg7 27. f5 Bf8
28. Qh4 Re8 29. e6 fxe6 30. f6 1-0

[Event "CZECH OPEN 2011 "]
[Site "Pardubice (CZE)"]
[Date "2011.07.27"]
[Round "6.57"]
[White "Saiyn, Zhanat"]
[Black "Aliavdin, Nikolai"]
[Result "0-1"]
[WhiteElo "2077"]
[BlackElo "2392"]
[PlyCount "89"]
[EventDate "2011.07.22"]

1. d4 Nf6 2. Nf3 g6 3. c4 Bg7 4. Nc3 O-O 5. e4 d6 6. h3 c5 7. d5 e6 8. Bd3 exd5
9. exd5 Re8+ 10. Be3 Bh6 11. O-O Bxe3 12. fxe3 Nbd7 13. e4 a6 14. a4 Qe7 15.
Rf2 Nh5 16. Qd2 Ne5 17. g4 Ng7 18. Raf1 Rf8 19. Nxe5 Qxe5 20. Ne2 Bd7 21. Kh1
Bxa4 22. Ng1 f6 23. Qa5 b5 24. Nf3 Qe7 25. Nd2 bxc4 26. Bxc4 Bb5 27. Bxb5 axb5
28. Qxb5 Rab8 29. Qd3 Rxb2 30. Qc3 Ra2 31. Rf3 h5 32. e5 Qxe5 33. Qxe5 dxe5 34.
Ne4 f5 35. Nxc5 Rc8 36. Rc3 Rd2 37. gxf5 Rxd5 38. Nd7 Rxc3 39. Nf6+ Kf7 40.
fxg6+ Ke6 41. Nxd5 Kxd5 42. Rf7 Ne6 43. Rd7+ Ke4 44. Re7 Kf5 45. g7 0-1

[Event "CZECH OPEN 2011 "]
[Site "Pardubice (CZE)"]
[Date "2011.07.27"]
[Round "6.58"]
[White "Schmidt-Schaeffer, Sebastian"]
[Black "Kyas, Philipp"]
[Result "1/2-1/2"]
[WhiteElo "2385"]
[BlackElo "2017"]
[PlyCount "83"]
[EventDate "2011.07.22"]

1. c4 Nf6 2. Nc3 e6 3. d4 Bb4 4. e3 b6 5. Qc2 Bb7 6. a3 Bxc3+ 7. Qxc3 Ne4 8.
Qc2 f5 9. Nf3 d6 10. Bd3 Nd7 11. O-O O-O 12. Nd2 Ndf6 13. f3 Nxd2 14. Bxd2 Qd7
15. Rae1 Rae8 16. Bc3 g6 17. e4 fxe4 18. fxe4 e5 19. d5 Nh5 20. g3 Qh3 21. Qg2
Bc8 22. Bd2 Rxf1+ 23. Rxf1 Qxg2+ 24. Kxg2 Rf8 25. Bg5 Rxf1 26. Kxf1 Ng7 27. Bd8
Ne8 28. Ke2 Kg7 29. b4 Kh6 30. h4 Kh5 31. Kf2 Bg4 32. Bc2 Bd7 33. Bg5 h6 34.
Be7 g5 35. hxg5 hxg5 36. b5 Kg6 37. Bd8 Kh5 38. Bd3 Kg6 39. Be2 Kh6 40. Ke3 Kg6
41. Bf3 Kh6 42. Kd3 1/2-1/2

[Event "CZECH OPEN 2011 "]
[Site "Pardubice (CZE)"]
[Date "2011.07.27"]
[Round "6.59"]
[White "Wagner, Dennis"]
[Black "Vokac, Marek"]
[Result "0-1"]
[WhiteElo "2287"]
[BlackElo "2499"]
[PlyCount "96"]
[EventDate "2011.07.22"]

1. d4 Nf6 2. c4 c5 3. d5 e5 4. Nc3 d6 5. e4 Be7 6. g3 O-O 7. Bg2 a6 8. a4 Nbd7
9. Nf3 Ne8 10. O-O g6 11. Ne1 Ng7 12. Nd3 f5 13. f4 Bf6 14. exf5 Nxf5 15. Ne4
exf4 16. Nxf6+ Qxf6 17. Rxf4 Qg7 18. Bd2 Nf6 19. Bc3 g5 20. Re4 Qg6 21. Re1 Bd7
22. Nf2 Rae8 23. Qd2 Rxe1+ 24. Rxe1 Bxa4 25. Ne4 Nxe4 26. Bxe4 g4 27. b3 Bd7
28. Rf1 h5 29. Ba1 Rf7 30. Rf4 Qg5 31. Qc3 Nd4 32. Qe3 Rxf4 33. gxf4 Qf6 34.
Kg2 a5 35. Bd3 Kf7 36. Bc3 b6 37. Kh1 Bf5 38. Bxf5 Nxf5 39. Qd3 Qg6 40. Be1 Nd4
41. Qe3 Qb1 42. Kg1 Qxb3 43. Qe4 Qc2 44. Qe3 Nf3+ 45. Kf1 Nxh2+ 46. Kg1 Nf3+
47. Kf1 Qxc4+ 48. Kg2 Nd4 0-1

[Event "CZECH OPEN 2011 "]
[Site "Pardubice (CZE)"]
[Date "2011.07.27"]
[Round "6.60"]
[White "Overbeck, Thorsten"]
[Black "Bodnaruk, Anastasia"]
[Result "1/2-1/2"]
[WhiteElo "2285"]
[BlackElo "2431"]
[PlyCount "45"]
[EventDate "2011.07.22"]

1. d4 Nf6 2. c4 g6 3. Nc3 Bg7 4. e4 d6 5. Nf3 O-O 6. Be2 e5 7. O-O c6 8. d5 c5
9. Ne1 Ne8 10. f4 f5 11. Bd3 Qe7 12. fxe5 dxe5 13. Be3 b6 14. a3 Nd6 15. Nf3
Na6 16. Nb5 Bd7 17. Nxd6 Qxd6 18. Rb1 Rab8 19. Qb3 Rb7 20. Qc3 Rd8 21. b4 Rbb8
22. Rfc1 Bf6 23. Nd2 1/2-1/2

[Event "CZECH OPEN 2011 "]
[Site "Pardubice (CZE)"]
[Date "2011.07.27"]
[Round "6.61"]
[White "Feuerstack, Aljoscha"]
[Black "Jedlicka, Ales"]
[Result "1-0"]
[WhiteElo "2421"]
[BlackElo "2282"]
[PlyCount "87"]
[EventDate "2011.07.22"]

1. e4 c5 2. c3 e6 3. d4 d5 4. exd5 Qxd5 5. Nf3 Nf6 6. Na3 Qd8 7. Nc2 Nbd7 8.
Be2 Qc7 9. O-O Bd6 10. Bg5 O-O 11. dxc5 Bxc5 12. Ncd4 a6 13. b4 Bd6 14. Qb3 b6
15. Rfd1 Re8 16. c4 Bb7 17. h3 Ne4 18. Be3 Rad8 19. a4 e5 20. Nf5 Bf8 21. a5
bxa5 22. Rxa5 Rb8 23. Ba7 Rbc8 24. Be3 g6 25. Nh6+ Bxh6 26. Bxh6 Nd6 27. Qd3
Nf5 28. Qxd7 Nxh6 29. Qxc7 Rxc7 30. Rxe5 Rxe5 31. Nxe5 Re7 32. f4 Nf5 33. Kf2
Bxg2 34. Kxg2 f6 35. Rd8+ Kg7 36. c5 fxe5 37. Bxa6 exf4 38. c6 Kf6 39. Kf2 Ng3
40. Bd3 Ra7 41. b5 g5 42. b6 Ra2+ 43. Kf3 h5 44. b7 1-0

[Event "CZECH OPEN 2011 "]
[Site "Pardubice (CZE)"]
[Date "2011.07.27"]
[Round "6.16"]
[White "Maslak, Konstantin"]
[Black "Smith, Axel"]
[Result "1/2-1/2"]
[WhiteElo "2561"]
[BlackElo "2465"]
[PlyCount "63"]
[EventDate "2011.07.22"]

1. d4 Nf6 2. Nf3 d5 3. c4 e6 4. Nc3 Bb4 5. Bg5 h6 6. Bxf6 Qxf6 7. Qb3 c5 8.
cxd5 exd5 9. a3 Bxc3+ 10. bxc3 c4 11. Qb5+ Qc6 12. Qb2 Bf5 13. g4 Be4 14. Bg2
Nd7 15. Nh4 Bxg2 16. Nxg2 Nf6 17. f3 O-O-O 18. a4 Rde8 19. Qd2 Re7 20. e3 Rhe8
21. Qf2 g5 22. h4 Nd7 23. hxg5 hxg5 24. Qc2 Re6 25. Kf2 Rf6 26. Rh5 Rg8 27.
Rah1 Kc7 28. Ke2 Qd6 29. Kf2 Qe6 30. Ke2 Qd6 31. Kf2 Qe6 32. Ke2 1/2-1/2

[Event "CZECH OPEN 2011 "]
[Site "Pardubice (CZE)"]
[Date "2011.07.27"]
[Round "6.17"]
[White "Velicka, Petr"]
[Black "Simantsev, Mikhail"]
[Result "0-1"]
[WhiteElo "2461"]
[BlackElo "2558"]
[PlyCount "86"]
[EventDate "2011.07.22"]

1. e4 c5 2. Nf3 e6 3. d4 cxd4 4. Nxd4 a6 5. Bd3 Bc5 6. Nb3 Be7 7. O-O d6 8. c4
Nf6 9. Nc3 O-O 10. Be3 b6 11. f4 Bb7 12. Qf3 Re8 13. Rad1 Nbd7 14. Qh3 Qc7 15.
g4 g6 16. g5 Nh5 17. f5 exf5 18. exf5 Ne5 19. Nd5 Bxd5 20. cxd5 Nxd3 21. Rxd3
Bd8 22. Qf3 Re5 23. f6 h6 24. h4 hxg5 25. hxg5 b5 26. Rc1 Qd7 27. Kg2 Rxd5 28.
Qe4 Re5 29. Qf3 Bb6 30. Bxb6 Rf5 31. Qd1 Nf4+ 32. Kh2 Nxd3 33. Qxd3 Rxg5 34.
Bf2 Qg4 35. Bg3 Re8 36. Rc2 Rh5+ 37. Kg1 Re1+ 38. Kf2 Rd1 39. Rd2 Rdh1 40. Nd4
R5h2+ 41. Bxh2 Rxh2+ 42. Kf1 Rh1+ 43. Kf2 Qg1+ 0-1

[Event "CZECH OPEN 2011 "]
[Site "Pardubice (CZE)"]
[Date "2011.07.27"]
[Round "6.18"]
[White "Recuero Guerra, David"]
[Black "Lintchevski, Daniil"]
[Result "1/2-1/2"]
[WhiteElo "2441"]
[BlackElo "2553"]
[PlyCount "29"]
[EventDate "2011.07.22"]

1. d4 d5 2. c4 dxc4 3. Nf3 a6 4. e3 Nf6 5. Bxc4 e6 6. O-O c5 7. dxc5 Bxc5 8.
Qxd8+ Kxd8 9. Be2 Ke7 10. Nbd2 Bd7 11. Nb3 Bb6 12. Bd2 Nc6 13. Rfc1 Ne4 14. Be1
Rhc8 15. Nfd2 1/2-1/2

[Event "CZECH OPEN 2011 "]
[Site "Pardubice (CZE)"]
[Date "2011.07.27"]
[Round "6.21"]
[White "Stella, Andrea"]
[Black "Cvek, Robert"]
[Result "1/2-1/2"]
[WhiteElo "2412"]
[BlackElo "2506"]
[PlyCount "36"]
[EventDate "2011.07.22"]

1. d4 e6 2. c4 b6 3. Nf3 Bb7 4. e3 Nf6 5. Bd3 Be7 6. O-O O-O 7. Nc3 d5 8. cxd5
exd5 9. b3 Nbd7 10. Bb2 a6 11. Ne2 Bd6 12. Ng3 Re8 13. Qe2 g6 14. Rfe1 Ne4 15.
Qc2 Rc8 16. Qe2 Ra8 17. Qc2 Rc8 18. Qe2 Ra8 1/2-1/2

[Event "CZECH OPEN 2011 "]
[Site "Pardubice (CZE)"]
[Date "2011.07.27"]
[Round "6.22"]
[White "Jojua, Davit"]
[Black "Voloshin, Leonid"]
[Result "1/2-1/2"]
[WhiteElo "2505"]
[BlackElo "2411"]
[PlyCount "47"]
[EventDate "2011.07.22"]

1. d4 Nf6 2. c4 e6 3. Nf3 Bb4+ 4. Nbd2 b6 5. a3 Bxd2+ 6. Bxd2 Ne4 7. Be3 Bb7 8.
g3 O-O 9. Bg2 d5 10. cxd5 exd5 11. O-O Nd7 12. Rc1 Re8 13. Bf4 c6 14. Re1 a5
15. Nd2 Nxd2 16. Qxd2 b5 17. e4 Nb6 18. e5 Nc4 19. Qc2 a4 20. h4 Bc8 21. Bd2
Be6 22. Bb4 f5 23. Rcd1 Ra7 24. f4 1/2-1/2

[Event "CZECH OPEN 2011 "]
[Site "Pardubice (CZE)"]
[Date "2011.07.27"]
[Round "6.23"]
[White "Abel, Dennes"]
[Black "Haba, Petr"]
[Result "1/2-1/2"]
[WhiteElo "2418"]
[BlackElo "2504"]
[PlyCount "31"]
[EventDate "2011.07.22"]

1. d4 e6 2. c4 Nf6 3. Nc3 Bb4 4. Qc2 O-O 5. a3 Bxc3+ 6. Qxc3 b5 7. cxb5 c6 8.
Bg5 cxb5 9. e3 Bb7 10. Nf3 a6 11. Be2 d6 12. O-O Nbd7 13. a4 Qb6 14. axb5 axb5
15. Bxf6 b4 16. Qc4 1/2-1/2

[Event "CZECH OPEN 2011 "]
[Site "Pardubice (CZE)"]
[Date "2011.07.27"]
[Round "6.24"]
[White "De La Villa Garcia, Jesus Maria"]
[Black "Batchuluun, Tsegmed"]
[Result "0-1"]
[WhiteElo "2490"]
[BlackElo "2427"]
[PlyCount "84"]
[EventDate "2011.07.22"]

1. e4 e5 2. Nf3 Nc6 3. Bb5 Nf6 4. O-O Nxe4 5. d4 Nd6 6. dxe5 Nxb5 7. a4 Nbd4 8.
Nxd4 Nxd4 9. Qxd4 d5 10. Nc3 c6 11. Qd3 Qd7 12. Ne2 Qf5 13. Qc3 Be7 14. f4 Qe4
15. Ng3 Qb4 16. Qd3 h5 17. c3 Qc4 18. Qxc4 dxc4 19. Be3 h4 20. Ne4 Bf5 21. Nf2
a5 22. Rfd1 c5 23. h3 Rh6 24. Rd2 Rg6 25. Ng4 Rd8 26. Kf2 Rxd2+ 27. Bxd2 Bxg4
28. hxg4 Rxg4 29. Re1 Kd7 30. Re4 Ke6 31. Rxc4 Kd5 32. b3 f5 33. exf6 gxf6 34.
f5 Rxc4 35. bxc4+ Kxc4 36. Kf3 Kb3 37. Ke4 Kxa4 38. c4 Kb3 39. Bxa5 Kxc4 40.
Be1 b5 41. Bxh4 b4 42. Ke3 Kc3 0-1

[Event "CZECH OPEN 2011 "]
[Site "Pardubice (CZE)"]
[Date "2011.07.27"]
[Round "6.25"]
[White "Michiels, Bart"]
[Black "Akesson, Ralf"]
[Result "1-0"]
[WhiteElo "2489"]
[BlackElo "2429"]
[PlyCount "79"]
[EventDate "2011.07.22"]

1. e4 c5 2. Nf3 e6 3. d4 cxd4 4. Nxd4 Nc6 5. Nb5 d6 6. c4 Nf6 7. N1c3 a6 8. Na3
Be7 9. Be2 O-O 10. O-O b6 11. Be3 Ne5 12. f3 Qc7 13. Rc1 Bb7 14. Qd2 Rac8 15.
Rfd1 Ned7 16. Kh1 Rfe8 17. Bf1 Qb8 18. Nc2 h6 19. Nd4 Bd8 20. Rc2 Bc7 21. Bg1
d5 22. cxd5 Bf4 23. Qf2 exd5 24. Nxd5 Nxd5 25. exd5 b5 26. Rxc8 Qxc8 27. Qc2
Qxc2 28. Nxc2 Bd6 29. Ne3 g6 30. a4 Bc5 31. axb5 axb5 32. Bxb5 Rd8 33. Bc6 Bc8
34. Nc2 Bxg1 35. Kxg1 Nb8 36. Bb5 Kf8 37. Kf2 Bb7 38. d6 Nd7 39. Bxd7 Rxd7 40.
Ne3 1-0

[Event "CZECH OPEN 2011 "]
[Site "Pardubice (CZE)"]
[Date "2011.07.27"]
[Round "6.26"]
[White "Plat, Vojtech"]
[Black "Vila Gazquez, Xavier"]
[Result "1/2-1/2"]
[WhiteElo "2410"]
[BlackElo "2487"]
[PlyCount "28"]
[EventDate "2011.07.22"]

1. e4 c6 2. d4 d5 3. Nc3 dxe4 4. Nxe4 Bf5 5. Ng3 Bg6 6. h4 h6 7. Nf3 Nd7 8. h5
Bh7 9. Bd3 Bxd3 10. Qxd3 e6 11. Bd2 Ngf6 12. Ne4 Nxe4 13. Qxe4 Nf6 14. Qd3 Qd5
1/2-1/2